The Aims of Argument: A Brief Guide (Record no. 4854)

MARC details
005 - DATE AND TIME OF LATEST TRANSACTION
control field 20250624120302.0
020 ## - INTERNATIONAL STANDARD BOOK NUMBER
International Standard Book Number 0-07-296130-9
082 ## - DEWEY DECIMAL CLASSIFICATION NUMBER
Classification number 808.042CRU
100 ## - MAIN ENTRY--PERSONAL NAME
Author name CRUSIUS
245 ## - TITLE STATEMENT
Title The Aims of Argument: A Brief Guide
250 ## - EDITION STATEMENT
Edition statement 5th Ed.
260 ## - PUBLICATION, DISTRIBUTION, ETC.
Place of publication, distribution, etc. New York,
Name of publisher, distributor, etc. MOORE. L,
Date of publication, distribution, etc. 2006.
300 ## - PHYSICAL DESCRIPTION
Extent xxix, 303p,; ill, figure, table & picture
Other physical details Appendix, Grossary & Index
Dimensions 23cm
700 ## - ADDED ENTRY--PERSONAL NAME
Other authors/Editors CHANNELL. C. E.
942 ## - ADDED ENTRY ELEMENTS (KOHA)
Source of classification or shelving scheme Dewey Decimal Classification
Koha item type Books
Holdings
Date last seen Total checkouts Full call number Barcode Cost, replacement price Price effective from Koha item type Lost status Source of classification or shelving scheme Damaged status Not for loan Withdrawn status Home library Current library Shelving location Date acquired Cost, normal purchase price
06/24/2025   808.042CRU DOM0002814 75000.00 06/24/2025 Books   Dewey Decimal Classification       CBE Dodoma CBE Dodoma Special Reserve Collection 02/17/2010 25000.00
06/25/2025   808.042CRU DOM0002812 75000.00 06/25/2025 Books   Dewey Decimal Classification       CBE Dodoma CBE Dodoma   02/17/2010 25000.00